000 00578nam a22001817a 4500
010 _aENG-120386
020 _a9788174791153
_c450.00
035 _aEN-103918
037 _bDBAD /PUB
082 _a025.21
100 _aNandi,Subodh Gopal
245 _aLibrary management :
_cby Subodh Gopal Nandi
_brecent thoughts and development /
260 _a New Delhi
_bKaveri Books
_c2011
270 _a4832 / 24,Ansari Road , Daryaganj,
_bNew Delhi
_e110002
300 _aviii,138p.
_c22cm(H.b)
_bill.
500 _aIncludes index
942 _2ddc
_cEN
_h025.21
_mNAN
999 _c144392
_d144392